Core java for beginners / (Record no. 41040)

MARC details
000 -LEADER
fixed length control field 00805nam a22002294a 4500
005 - DATE AND TIME OF LATEST TRANSACTION
control field 2010081100240.0
008 - FIXED-LENGTH DATA ELEMENTS--GENERAL INFORMATION
fixed length control field 120423t xxu||||| |||| 00| 0 eng d
010 ## - LCCN (DPL NO)
LC control number ENG-99509
020 ## - INTERNATIONAL STANDARD BOOK NUMBER
Terms of availability 295.00
International Standard Book Number 9788125931256
035 ## - SYSTEM CONTROL NUMBER
System control number EN-83041
037 ## - SOURCE OF ACQUISITION
Source of stock number/acquisition DBAD/PUB
082 ## - DEWEY DECIMAL CLASSIFICATION NUMBER
Classification number 005.133
100 ## - MAIN ENTRY--PERSONAL NAME
Personal name Das, Rashmi Kanta
9 (RLIN) 12293
245 ## - TITLE STATEMENT
Title Core java for beginners /
Statement of responsibility, etc by Rashmi Kanta Das
Remainder of title
260 ## - PUBLICATION, DISTRIBUTION, ETC. (IMPRINT)
Place of publication, distribution, etc New Delhi
Name of publisher, distributor, etc Vikas Pub. House
Date of publication, distribution, etc 2009
270 ## - ADDRESS
Address 576, Nasjid Road, Jangpura
City New Delhi
Postal code 110014
300 ## - PHYSICAL DESCRIPTION
Extent xx, 660 p.
Dimensions 22cm (Pbk)
650 ## - SUBJECT ADDED ENTRY--TOPICAL TERM
Topical term or geographic name as entry element Jana computer program language
9 (RLIN) 12294
700 ## - ADDED ENTRY--PERSONAL NAME
9 (RLIN) 10698
942 ## - ADDED ENTRY ELEMENTS (KOHA)
Source of classification or shelving scheme Dewey Decimal Classification
Item type English Books
Call number suffix DAS
Classification part 005.133
Holdings
Withdrawn status Lost status Damaged status Not for loan Collection code Home library Current library Date acquired Cost, normal purchase price Total Checkouts Full call number Barcode Date last seen Copy number Cost, replacement price Koha item type
      Not For Loan Non-fiction D.B.Act.Division D.B.Act.Division 11/08/2010 295.00   005.133 DAS EN-83041 11/08/2010 1 295.00 English Books

© Delhi Public Library
Hit Counter
free hit counter